El rejuvenecimiento de la Iglesia / (Record no. 144414)

MARC details
000 -LEADER
campo de control de longitud fija 00588nam a2200169 4500
001 - NÚMERO DE CONTROL
campo de control 144414
003 - IDENTIFICADOR DE NÚMERO DE CONTROL
campo de control ES-MaACL
005 - FECHA Y HORA DE LA ÚLTIMA TRANSACCIÓN
campo de control 20230906201019.0
007 - CAMPO FIJO DE DESCRIPCIÓN FÍSICA--INFORMACIÓN GENERAL
campo de control de longitud fija t|
008 - DATOS DE LONGITUD FIJA--INFORMACIÓN GENERAL
campo de control de longitud fija 070214s1966 sp r ||||1| spa d
100 1# - ENTRADA PRINCIPAL--NOMBRE DE PERSONA
Nombre de persona Siri, José.
9 (RLIN) 106677
245 13 - MENCIÓN DEL TÍTULO
Título El rejuvenecimiento de la Iglesia /
Mención de responsabilidad, etc. Cardenal José Siri ; [versión al español por D. Ramón Ferrer Albero].
260 ## - PUBLICACIÓN, DISTRIBUCIÓN, ETC.
Lugar de publicación, distribución, etc. Madrid :
Nombre del editor, distribuidor, etc. Ed. Paulinas,
Fecha de publicación, distribución, etc. 1966 (
Lugar de fabricación/manufactura San Fernando de Henares :
Fabricante Pía Sociedad de S. Pablo)
300 ## - DESCRIPCIÓN FÍSICA
Extensión 90 p. ;
Dimensiones 22 cm.
700 1# - ENTRADA AGREGADA--NOMBRE PERSONAL
Nombre de persona Ferrer Albero, Ramón.
9 (RLIN) 50441
852 ## - LOCALIZACIÓN
Ubicación ES-MaACL
Número de control de estantería C-29101
Sublocalización o colección R.59598
Holdings
Estatus retirado Estado de pérdida Estado de daño No para préstamo Biblioteca de origen Biblioteca actual Ubicación en estantería Fecha de adquisición Fuente de adquisición Total de préstamos Signatura topográfica completa Código de barras Visto por última vez Precio de reemplazo Tipo de ítem Koha
        Biblioteca del Ateneo de Madrid Biblioteca del Ateneo de Madrid Depósito 2 17/01/2008     C-29101 1150254 23/02/2023 23/02/2023 Libro impreso